[Event "19th Czech Chladek & Tintera A Open"]
[Site "Pardubice CZE"]
[Date "2008.07.23"]
[Round "6"]
[White "Simacek,P"]
[Black "Danielsen,Hen"]
[Result "1-0"]
[WhiteElo "2470"]
[BlackElo "2526"]

1.e4 g6 2.d4 Bg7 3.Nc3 d6 4.Be2 a6 5.Nf3 Nd7 6.O-O c5 7.a4 cxd4 8.Nxd4 Ngf6
9.Be3 b6 10.Qd2 Bb7 11.f3 Rc8 12.Rfd1 O-O 13.Nb3 Re8 14.Bf1 Rxc3 15.bxc3 d5
16.exd5 Nxd5 17.Bd4 e5 18.c4 exd4 19.cxd5 Ne5 20.Nxd4 Qxd5 21.Rab1 Rc8 22.Rxb6 Qd7
23.Nb3 Qe7 24.Bxa6 Bxa6 25.Rxa6 h5 26.Rd6 Kh7 27.a5 Bh6 28.Qe2 Rc3 29.Kh1 Re3
30.Qf2 h4 31.h3 Bf4 32.R6d4 Qf6 33.Rxf4 Qxf4 34.Rd4  1-0

[Event "19th Czech Chladek & Tintera A Open"]
[Site "Pardubice CZE"]
[Date "2008.07.24"]
[Round "7"]
[White "Fedorovsky,M"]
[Black "Pel,B"]
[Result "1-0"]
[WhiteElo "2425"]
[BlackElo "2304"]

1.d4 d6 2.e4 g6 3.Nc3 Bg7 4.f4 a6 5.Nf3 b5 6.Bd3 Nd7 7.e5 c5 8.Be4 Rb8 9.O-O cxd4
10.Nxd4 dxe5 11.Nc6 Qb6+ 12.Kh1 Ngf6 13.Nxb8 Qxb8 14.fxe5 Nxe5 15.Bf4 O-O
16.Bf3 b4 17.Nd5 Nxd5 18.Bxd5 e6 19.Bb3 Qb5 20.a3 bxa3 21.Rxa3 Ng4 22.c4 Qh5
23.h3 Bxb2 24.Ra2 e5 25.Rxb2 exf4 26.Qf3 g5 27.Kg1 Nf6 28.Qxh5 Nxh5 29.c5 Ng3
30.Rd1 Bf5 31.Bc2 Be6 32.Bd3 a5 33.c6 Rc8 34.Rc1 Kf8 35.c7 Ke7 36.Ba6 Ne4
37.Bxc8 Bxc8 38.Rd1  1-0

[Event "19th Czech Chladek & Tintera A Open"]
[Site "Pardubice CZE"]
[Date "2008.07.24"]
[Round "7"]
[White "Llaneza Vega,M"]
[Black "Alexikov,A"]
[Result "1-0"]
[WhiteElo "2468"]
[BlackElo "2357"]

1.e4 g6 2.d4 Bg7 3.Nc3 d6 4.Bg5 Nf6 5.e5 Nfd7 6.exd6 cxd6 7.Qd2 Nf6 8.O-O-O d5
9.Bh6 Bxh6 10.Qxh6 Nc6 11.Re1 Be6 12.Nf3 Qd6 13.Bb5 Nd7 14.Qe3 h6 15.Bd3 g5
16.h4 g4 17.Nb5 Qb8 18.Nd2 a6 19.Nc3 Qd6 20.Nb3 Nb4 21.Kb1 Rc8 22.g3 b6 23.Ne2 Nf6
24.Nf4 Bd7 25.Nd2 e6 26.c3 Nxd3 27.Qxd3 a5 28.Re5 Kd8 29.Rc1 Rc7 30.Qe3 Kc8
31.Ng2 Bb5 32.Qf4 Bd3+ 33.Ka1 Nd7 34.Ree1 Qxf4 35.Nxf4 Bb5 36.b3 Kb7 37.Kb2 Nf6
38.Re3 Rd8 39.Re5 Ba6 40.Rce1 Rh8 41.Nh5 Nd7 42.R5e3 Rg8 43.f4 gxf3 44.Rxf3 Rf8
45.Ree3 Kc8 46.Nf6 Nb8 47.Ng4 h5 48.Nf6 Rh8 49.Rf4 Nc6 50.Nf3 Ne7 51.Ng5 Nf5
52.Rxf5 exf5 53.Nxd5 Rb7 54.Ne7+ Kb8 55.Nxf7 Rh7 56.Nc6+ Kc7 57.Nce5 Bb5
58.d5 Bd7 59.Ng5 Re7 60.d6+ Kxd6 61.Nc4+  1-0

[Event "83rd ch-ARG s/f"]
[Site "Buenos Aires ARG"]
[Date "2008.07.25"]
[Round "5"]
[White "Virgillito,C"]
[Black "Tristan,L"]
[Result "0-1"]
[WhiteElo "2140"]
[BlackElo "2366"]

1.e4 g6 2.d4 Bg7 3.Nc3 d6 4.Be2 a6 5.h4 h5 6.a4 b6 7.Nh3 c5 8.d5 Nf6 9.f3 Nbd7
10.Be3 Qc7 11.Ng5 Rb8 12.O-O O-O 13.Qd2 Ne5 14.Rfd1 Qb7 15.Kh1 Bd7 16.b3 Ne8
17.Ra2 Nc7 18.Rg1 Qc8 19.Kh2 b5 20.axb5 axb5 21.g4 b4 22.Nd1 hxg4 23.f4 g3+
24.Rxg3 Ng4+ 25.Bxg4 Bxg4 26.Nf2 Bh5 27.Nd3 f5 28.Qg2 fxe4 29.Qxe4 Qf5 30.Qxe7 Nxd5
31.Qxd6 Rbe8 32.Bf2 Nxf4 33.Nxf4 Qxf4 34.Qxf4 Rxf4 35.Rg2 Be5 36.Kg1 Bd4
37.Ra6 Re1+ 38.Kh2 Bxf2 39.Ra8+ Kg7 40.Ra7+ Kf8  0-1

[Event "Politiken Cup"]
[Site "Helsingor DEN"]
[Date "2008.07.25"]
[Round "8"]
[White "Gajic,Ml"]
[Black "Angskog,K"]
[Result "1-0"]
[WhiteElo "2135"]
[BlackElo "2247"]

1.e4 g6 2.d4 Bg7 3.Nc3 d6 4.f4 Nf6 5.Nf3 O-O 6.Bd3 Na6 7.O-O c5 8.d5 Rb8
9.Qe2 Nc7 10.a4 Bg4 11.h3 Bxf3 12.Qxf3 a6 13.a5 e6 14.f5 Nd7 15.g4 Qh4 16.Bf4 Be5
17.Kg2 b5 18.axb6 Rxb6 19.Na4 Rb4 20.Bd2 exd5 21.Be1 dxe4 22.Bxe4 Qg5 23.h4 Qe7
24.Bxb4 cxb4 25.g5 Bd4 26.Qd3 Ba7 27.fxg6 hxg6 28.Rad1 d5 29.Bxg6 Ne5 30.Bh7+ Kg7
31.Qg3 Kxh7 32.Rde1 Re8 33.Rf5 Ne6 34.Rfxe5 Qd7 35.b3 Bb8 36.Qd3+ Kg8 37.Rxe6 Rxe6
38.Nc5 Qd6 39.Nxe6 Qh2+ 40.Kf3 Qh3+ 41.Ke2 Qxe6+ 42.Kd1 Qg4+ 43.Kc1 Bg3 44.Re8+ Kg7
45.Qxd5 Bf4+ 46.Kb2 Qg1 47.Ka2 Qf2 48.Qc6 Bd6 49.Rd8  1-0

[Event "Politiken Cup"]
[Site "Helsingor DEN"]
[Date "2008.07.25"]
[Round "8"]
[White "Mejvik,J"]
[Black "Malmdin,N"]
[Result "0-1"]
[WhiteElo "2015"]
[BlackElo "2274"]

1.e4 g6 2.d4 Bg7 3.Nc3 d6 4.f4 a6 5.Nf3 b5 6.a4 b4 7.Ne2 Nd7 8.Ng3 Bb7 9.Bd3 c5
10.c3 cxd4 11.cxd4 e5 12.fxe5 dxe5 13.d5 a5 14.O-O Ngf6 15.Kh1 O-O 16.Be3 Ng4
17.Bg1 Bh6 18.Re1 Rc8 19.h3 Bf4 20.Nf1 h5 21.g3 Bh6 22.hxg4 hxg4 23.Nh4 Nf6
24.Be3 Bf4 25.gxf4 Nxd5 26.Qxg4 Nf6 27.Qg5 Qxd3 28.Qxf6 Qxe4+ 29.Kg1 Rc2
30.Nd2 Qh1+ 31.Kf2 Qh2+ 32.Kf1 Rc6 33.Qg5 Ba6+ 34.Re2 Qxe2+ 35.Kg1 Qxe3+
36.Kh1 Qxd2 37.Nf5 Rc1+ 38.Rxc1 Qxc1+ 39.Kg2 Qc2+  0-1

[Event "XXVI Andorra Open"]
[Site "La Massana AND"]
[Date "2008.07.25"]
[Round "7"]
[White "Bae,T"]
[Black "Comas Fabrego,L"]
[Result "0-1"]
[WhiteElo "2402"]
[BlackElo "2495"]

1.e4 g6 2.d4 d6 3.Nc3 Bg7 4.Nge2 c6 5.Be3 b5 6.Qd2 Nd7 7.Ng3 Ngf6 8.Be2 h5
9.f3 h4 10.Nf1 Qa5 11.h3 Rb8 12.Rd1 Qc7 13.g4 Nb6 14.b3 a6 15.a3 Bb7 16.Bf4 Nfd7
17.Bh2 Nf8 18.Qe3 e5 19.dxe5 dxe5 20.f4 Ne6 21.f5 Nf4 22.Rg1 Nd7 23.Nd2 g5
24.Bf1 Bf8 25.Nf3 f6 26.b4 Rh7 27.Bxf4 exf4 28.Qd2 Ne5 29.Nxe5 Qxe5 30.Kf2 Rc7
31.Bd3 Rd8 32.Ne2 Be7 33.Qc3 Qxc3 34.Nxc3 Bd6 35.Ne2 c5 36.c3 Be5 37.Bb1 cxb4
38.Rxd8+ Kxd8 39.Rd1+ Ke7 40.cxb4 Bb2 41.Rd3 Bxe4 42.Rb3 Bxb1 43.Rxb2 Be4
44.Rd2 Bb7 45.Rd3 Rc2 46.Ke1 Be4 47.Rb3 Bd5  0-1

[Event "III Open"]
[Site "Oviedo ESP"]
[Date "2008.07.25"]
[Round "3"]
[White "Patallo Bermudez,A"]
[Black "Rodriguez Sierra,A"]
[Result "1-0"]
[WhiteElo "1911"]
[BlackElo "1616"]

1.d4 g6 2.e4 d6 3.Nc3 Bg7 4.Bg5 h6 5.Be3 Nf6 6.f3 a6 7.Qd2 Nc6 8.Nge2 Rb8
9.Nc1 e5 10.d5 Ne7 11.a4 Nh5 12.g4 Nf6 13.Nb3 h5 14.g5 Nd7 15.h4 O-O 16.Be2 b6
17.Bd3 Nc5 18.Nxc5 bxc5 19.b3 c6 20.Bc4 f5 21.gxf6 Rxf6 22.dxc6+ Kh7 23.Bg5 Rxf3
24.Nd5 Qf8 25.Bxe7 Qf7 26.Nf6+  1-0

[Event "19th Czech Chladek & Tintera A Open"]
[Site "Pardubice CZE"]
[Date "2008.07.25"]
[Round "8"]
[White "Lavrov,Ma1"]
[Black "De Wit,T"]
[Result "1-0"]
[WhiteElo "2364"]
[BlackElo "2246"]

1.e4 g6 2.d4 Bg7 3.Nc3 d6 4.f4 Nf6 5.Nf3 O-O 6.Bd3 Nc6 7.e5 dxe5 8.fxe5 Nh5
9.Be3 Bg4 10.Be2 f6 11.exf6 exf6 12.O-O Ne7 13.h3 Be6 14.Re1 Qd7 15.Ne4 b6
16.Bf1 Nd5 17.Bd2 Bf5 18.Nf2 Ng3 19.c4 Ne7 20.Bd3 Nc6 21.Bf4 Bxd3 22.Qxd3 Nf5
23.d5 Nb4 24.Qd2 c5 25.Ne4 g5 26.Bh2 h5 27.Nf2 Rae8 28.a3 Na6 29.Qd3 Nh6
30.Qg6 Qf7 31.Qxf7+ Nxf7 32.Ne4 g4 33.hxg4 hxg4 34.Nh4 Ne5 35.Bxe5 fxe5 36.Ng6 Rf7
37.Nd6 Rf6  1-0

[Event "19th Czech Chladek & Tintera A Open"]
[Site "Pardubice CZE"]
[Date "2008.07.25"]
[Round "8"]
[White "Faerman,I"]
[Black "Lang,T"]
[Result "1/2-1/2"]
[WhiteElo "2245"]
[BlackElo "2340"]

1.e4 g6 2.d4 Bg7 3.Nc3 d6 4.Nf3 a6 5.a4 Nf6 6.h3 O-O 7.Be2 b6 8.O-O Nbd7
9.e5 Ne8 10.Bc4 Nb8 11.Re1 c6 12.exd6 Nxd6 13.Bb3 Nd7 14.Bf4 Ra7 15.Qe2 Nf6
16.Ne5 Bb7 17.Rad1 Nd5 18.Bg3 e6 19.Ne4 Nxe4 20.Qxe4 Ba8 21.Qe2 a5 22.Nf3 Qc8
23.Be5 c5 24.Bxg7 Kxg7 25.c3 Qb8 26.Qe5+  1/2-1/2

[Event "Dutch Open"]
[Site "Dieren NED"]
[Date "2008.07.26"]
[Round "5"]
[White "Meurs,T"]
[Black "Van den Dikkenberg,E"]
[Result "1-0"]
[WhiteElo "2084"]
[BlackElo "2131"]

1.e4 g6 2.d4 Bg7 3.Nc3 d6 4.f4 Nc6 5.Be3 a6 6.Qd2 b5 7.e5 d5 8.g3 Bf5 9.Bg2 e6
10.h3 h5 11.Qe2 Bf8 12.Bf2 Bb4 13.Qd2 Nge7 14.a3 Ba5 15.Nge2 Qb8 16.b4 Bb6
17.Bf3 a5 18.Rb1 axb4 19.axb4 Ra3 20.Kf1 Qa8 21.Kg2 Qa6 22.g4 Be4 23.Nxe4 dxe4
24.Bxe4 Nd5 25.Bxd5 exd5 26.f5 gxf5 27.gxf5 Rg8+ 28.Kh2 Nxe5 29.dxe5 Bxf2
30.Qxd5 Qb6 31.Rhd1 Kf8 32.f6 Rxh3+ 33.Kxh3 Qe3+ 34.Kh2 Bg1+ 35.Rxg1 Qf2+
36.Rg2 Qh4+ 37.Kg1  1-0

[Event "Politiken Cup"]
[Site "Helsingor DEN"]
[Date "2008.07.26"]
[Round "9"]
[White "Ashwin,J"]
[Black "Aabling Thomsen,J"]
[Result "1-0"]
[WhiteElo "2436"]
[BlackElo "2275"]

1.e4 g6 2.d4 Bg7 3.Nc3 d6 4.Be3 a6 5.Qd2 b5 6.f3 Bb7 7.Nge2 Nd7 8.g4 Rc8
9.h4 h6 10.h5 g5 11.Ng3 c5 12.Nf5 Bf6 13.dxc5 Nxc5 14.O-O-O Qa5 15.Kb1 b4
16.Nd5 Na4 17.Nxf6+ Nxf6 18.Nxe7 Rxc2 19.Kxc2 Qc7+ 20.Kb1 Nc3+ 21.bxc3 bxc3
22.Qd3 Bxe4 23.fxe4 Qb7+ 24.Qb5+ axb5 25.Nf5 Qxe4+ 26.Kc1 Qb4 27.Rh2 Nxg4
28.Bxb5+ Kf8 29.Rxd6 Kg8 30.Bd4 f6 31.Rd8+ Kf7 32.Rd7+ Kf8 33.Re2 Qa3+ 34.Kb1 Qb4+
35.Ka1 Ne5 36.Bxe5 fxe5 37.Rf2 Kg8 38.Ne7+ Kg7 39.Nd5+  1-0

[Event "Politiken Cup"]
[Site "Helsingor DEN"]
[Date "2008.07.26"]
[Round "9"]
[White "Van der Linde,Ma"]
[Black "Carnstam,T"]
[Result "1-0"]
[WhiteElo "2205"]
[BlackElo "2046"]

1.e4 g6 2.d4 Bg7 3.Nc3 d6 4.Bg5 c5 5.dxc5 Qa5 6.Bd2 Qxc5 7.Nd5 Bd7 8.Be3 Qa5+
9.b4 Qd8 10.Bd4 e5 11.Be3 f5 12.exf5 Bxf5 13.Bc4 Nc6 14.Nf3 Rc8 15.Bb3 h6
16.O-O e4 17.Nd4 Qh4 18.Nxc6 bxc6 19.Bd4 Bxd4 20.Qxd4 Rh7 21.Ne3 Qf6 22.Rad1 Qxd4
23.Rxd4 d5 24.c4 dxc4 25.Nxc4 Kf8 26.Rfd1 Nf6 27.Nd6 Rb8 28.h3 h5 29.Nxf5 gxf5
30.Rd6 Ne8 31.Rxc6 Rxb4 32.Rd5 Ke7 33.Rxf5 Kd7 34.Ra6 Rb7 35.Ba4+ Kd8 36.Rd5+  1-0

[Event "19th Czech Chladek & Tintera A Open"]
[Site "Pardubice CZE"]
[Date "2008.07.26"]
[Round "9"]
[White "Krivoborodov,E"]
[Black "Pel,B"]
[Result "1-0"]
[WhiteElo "2414"]
[BlackElo "2304"]

1.e4 d6 2.d4 g6 3.Nc3 Bg7 4.Be3 a6 5.Qd2 Nd7 6.a4 b6 7.Nf3 e6 8.Bd3 h6 9.O-O Ne7
10.Ne2 Bb7 11.Ng3 Nf6 12.Qe2 h5 13.h4 Ng4 14.Bg5 f6 15.Bd2 O-O 16.a5 b5 17.c4 bxc4
18.Bxc4 Qd7 19.b4 Bc6 20.Rac1 Bb5 21.d5 exd5 22.exd5 Rfe8 23.Nd4 Bxc4 24.Qxc4 Ne5
25.Qb3 Qg4 26.Ne6 Qxh4 27.Nxc7 Ng4 28.Rfe1 Qh2+ 29.Kf1 h4 30.Nxe8 Rxe8 31.Ne4 Qh1+
32.Ke2 Nf5 33.Rxh1 Nd4+ 34.Kd3 Nxb3 35.Rce1 f5 36.Nf6+ Nxf6 37.Rxe8+ Nxe8
38.Bc3 Nf6 39.Rb1 Nxd5 40.Rxb3 Bxc3  1-0

[Event "TIPC Open"]
[Site "Charleroi BEL"]
[Date "2008.07.27"]
[Round "2"]
[White "Dal Borgo,A"]
[Black "Vanhee,F"]
[Result "1-0"]
[WhiteElo "2219"]
[BlackElo "1964"]

1.d4 g6 2.e4 Bg7 3.Nc3 d6 4.f4 Nd7 5.Nf3 e5 6.dxe5 dxe5 7.fxe5 c6 8.Bc4 Qe7
9.Bg5 Qc5 10.Qd3 Bxe5 11.Nxe5 Qxe5 12.Be3 Qe7 13.Bd4 Ne5 14.Qg3 f6 15.Bb3 Qg7
16.O-O  1-0

[Event "9th Epetium Open"]
[Site "Stobrec CRO"]
[Date "2008.07.29"]
[Round "4"]
[White "Marcic,I"]
[Black "Saric,B"]
[Result "0-1"]
[WhiteElo "2060"]
[BlackElo "1902"]

1.e4 g6 2.d4 Bg7 3.Nc3 d6 4.Bg5 c6 5.Qd2 Nf6 6.f4 h6 7.Bh4 O-O 8.O-O-O Bg4
9.Nf3 d5 10.Bxf6 exf6 11.h3 Bc8 12.Kb1 a5 13.g4 a4 14.a3 dxe4 15.Nxe4 Qd5
16.Qe3 Na6 17.Bd3 Nc7 18.f5 Re8 19.Qf4 Qd8 20.fxg6 fxg6 21.Nc3 g5 22.Qd2 b5
23.Bg6 Re7 24.Rhe1 Rxe1 25.Rxe1 Be6 26.Qe3 Bf8 27.Be4 Bd7 28.d5 cxd5 29.Nxd5 Rb8
30.Nxc7 Qxc7 31.Bd5+ Kh8 32.Qd3 Qd6 33.Nd2 Bc6 34.Bxc6 Qxc6 35.c3 Re8 36.Rf1 Kg7
37.Nf3 Qc4 38.Qd1 Bc5 39.Re1 Rxe1 40.Nxe1 Qe4+ 41.Ka1 Qh1 42.Ka2 Qc6 43.Nd3 Qd5+
44.Kb1 Bd6  0-1

[Event "41st Festival MTO"]
[Site "Biel SUI"]
[Date "2008.07.30"]
[Round "9"]
[White "Nezad,H"]
[Black "Hausrath,D"]
[Result "1-0"]
[WhiteElo "2372"]
[BlackElo "2491"]

1.e4 g6 2.d4 Bg7 3.Nc3 d6 4.Be3 e6 5.Qd2 a6 6.h4 h6 7.O-O-O b5 8.Bd3 Nc6
9.Nce2 Nf6 10.f3 Nd7 11.f4 Nb6 12.h5 Nc4 13.Bxc4 bxc4 14.Nf3 Qd7 15.hxg6 fxg6
16.f5 exf5 17.exf5 Qxf5 18.Bxh6 Rxh6 19.Rxh6 Bxh6 20.Qxh6 Nb4 21.Qd2 Rb8
22.Nc3 Nd5 23.Rh1 Kd7 24.Ne5+ dxe5 25.Nxd5 e4 26.Qa5 Rb7 27.Qc5 Ke6 28.Qc6+ Kf7
29.Rh7+ Kg8 30.Nf6+ Qxf6 31.Qxf6 Kxh7 32.Qf7+  1-0

[Event "13th Pannonia Cup"]
[Site "Balatonalmadi HUN"]
[Date "2008.07.31"]
[Round "2"]
[White "Marinc,D"]
[Black "Petran,Pe"]
[Result "0-1"]
[WhiteElo "2015"]
[BlackElo "2331"]

1.d4 g6 2.e4 Bg7 3.Nc3 d6 4.Be3 a6 5.Qd2 b5 6.f3 c6 7.O-O-O Nd7 8.h4 h5 9.Nh3 Nb6
10.Bd3 Bxh3 11.Rxh3 Nf6 12.Kb1 Qc7 13.Bf4 Nfd7 14.Ne2 e5 15.Be3 c5 16.c3 exd4
17.cxd4 c4 18.Bc2 a5 19.f4 b4 20.e5 O-O-O 21.Bf2 dxe5 22.Qe3 exf4 23.Nxf4 Bh6
24.Bg3 Qc6 25.Qe7 Qf6 26.Qe4 Rhe8 27.Qf3 Nb8 28.Be4 Re7 29.Nxg6 Re6 30.Bb7+ Kd7
31.Ne5+ Ke8 32.Qxh5 c3  0-1

[Event "13th Pannonia Cup"]
[Site "Balatonalmadi HUN"]
[Date "2008.07.31"]
[Round "2"]
[White "Forgacs,At"]
[Black "Molnar,Ma2"]
[Result "1-0"]
[WhiteElo "2197"]
[BlackElo "1947"]

1.e4 d6 2.d4 g6 3.Nc3 Bg7 4.Be3 Nf6 5.f3 O-O 6.Qd2 Re8 7.O-O-O Nc6 8.g4 e5
9.Nge2 exd4 10.Nxd4 Ne5 11.Be2 a6 12.Bg5 b5 13.Qf4 Bb7 14.Bh6 Bh8 15.h4 b4
16.Nb1 c5 17.Nf5 d5 18.h5 Qa5 19.hxg6 Nxg6 20.Qh2 Qxa2 21.Bg5 dxe4 22.Nh6+ Kg7
23.Bxf6+ Kxf6 24.g5+ Kg7 25.Nf5+ Kg8 26.Qxh7+ Kf8 27.Qxh8+  1-0

[Event "41st Festival MTO"]
[Site "Biel SUI"]
[Date "2008.07.31"]
[Round "10"]
[White "Feuerstack,A"]
[Black "Skoberne,J"]
[Result "0-1"]
[WhiteElo "2355"]
[BlackElo "2499"]

1.d4 d6 2.e4 g6 3.Nc3 Bg7 4.Bg5 Nd7 5.Qd2 c5 6.Nf3 a6 7.Bc4 cxd4 8.Nxd4 Ngf6
9.f3 h6 10.Be3 b5 11.Bb3 Nc5 12.O-O-O Nxb3+ 13.cxb3 Bb7 14.Nde2 Qa5 15.Kb1 Rc8
16.Bd4 b4 17.Na4 O-O 18.Nb6 Rc7 19.Rc1 Rxc1+ 20.Rxc1 Qb5 21.Be3 Rb8 22.Rc7 Nxe4
23.fxe4 Bxe4+ 24.Ka1 Rxb6 25.Rxe7 Bxg2 26.Bxb6 Qxb6 27.Qe3 Qc6 28.Qc1 h5
29.Qxc6 Bxc6 30.Re3 Be5 31.h3 f5 32.Nc1 f4 33.Re2 f3 34.Rf2 Be4  0-1

[Event "8th United Insurance"]
[Site "Dhaka BAN"]
[Date "2008.07.31"]
[Round "3"]
[White "Ahmed,SN"]
[Black "Hasan Md,E"]
[Result "1-0"]
[WhiteElo "2292"]
[BlackElo "2161"]

1.e4 d6 2.d4 g6 3.Nc3 Bg7 4.Bg5 c6 5.Qd2 Qb6 6.O-O-O a5 7.f4 Bg4 8.Be2 Bxe2
9.Ngxe2 Nd7 10.e5 d5 11.f5 gxf5 12.e6 fxe6 13.Nf4 Nf8 14.Rhe1 a4 15.Nxe6 Nxe6
16.Rxe6 Qb4 17.a3 Qc4 18.Qe3 O-O-O 19.Bxe7 Re8 20.Bg5 Rxe6 21.Qxe6+ Kb8 22.Bf4+ Ka7
23.Be5 Nf6 24.Bxf6 Bxf6 25.Qxf6 Rb8 26.Qxf5 b5 27.Qxh7+ Rb7 28.Qd3  1-0

[Event "13th Pannonia Cup"]
[Site "Balatonalmadi HUN"]
[Date "2008.08.02"]
[Round "6"]
[White "Medvegy,J"]
[Black "Forgacs,At"]
[Result "0-1"]
[WhiteElo "2035"]
[BlackElo "2197"]

1.e4 g6 2.d4 Bg7 3.Nc3 d6 4.Be3 c6 5.a4 d5 6.Nf3 dxe4 7.Nxe4 Nd7 8.Bc4 Nb6
9.Bb3 Nf6 10.Nc5 Nbd5 11.Ne5 b6 12.Ncd3 Qd6 13.O-O O-O 14.c3 Be6 15.Bg5 Ne4
16.Bh4 f5 17.f3 Nef6 18.Re1 f4 19.Qd2 Kh8 20.Re2 Bg8 21.Rae1 Rae8 22.Bc2 Bh6
23.Nc4 Qc7 24.Nde5 b5 25.Na3 a6 26.Bxg6 hxg6 27.Nxg6+ Kg7 28.Nxf8 Rxf8 29.axb5 axb5
30.c4 Ne3 31.Bxf6+ Rxf6 32.cxb5 cxb5 33.Nxb5 Qb7 34.Nc3 Rg6 35.Ne4 Bd5 36.Rc1 Bxe4
37.fxe4 Qxe4 38.Rxe3 fxe3 39.Qe2 Rf6 40.Rf1 Qxd4 41.Rf3 Rxf3 42.gxf3 Kf6
43.Kf1 Qd2 44.Qa6+ e6 45.Qe2 Qxe2+ 46.Kxe2 Ke5 47.Kd3 Kd5 48.h3 Kc5 49.h4 Kb4
50.h5 Kb3  0-1

[Event "15th Ordix Open"]
[Site "Mainz GER"]
[Date "2008.08.02"]
[Round "3"]
[White "Kasimdzhanov,R"]
[Black "Alber,H"]
[Result "1-0"]
[WhiteElo "2679"]
[BlackElo "2357"]

1.e4 g6 2.d4 Bg7 3.Nc3 d6 4.f4 a6 5.Nf3 b5 6.Bd3 Bb7 7.Qe2 Nf6 8.e5 Nd5 9.Nxd5 Bxd5
10.O-O e6 11.a4 b4 12.c3 O-O 13.Be4 Bxe4 14.Qxe4 d5 15.Qe1 bxc3 16.bxc3 Qd7
17.Qh4 Nc6 18.Ng5 h6 19.Nf3 Ne7 20.g4 Rfb8 21.f5 exf5 22.Bxh6 fxg4 23.Bxg7 Kxg7
24.Qf6+ Kh6 25.Ng5 Rb6 26.Nxf7+ Kh7 27.Qh4+  1-0

[Event "17th Open"]
[Site "Martigny SUI"]
[Date "2008.08.02"]
[Round "2"]
[White "Sermier,G"]
[Black "Besse,L"]
[Result "1-0"]
[WhiteElo "2366"]
[BlackElo "2036"]

1.e4 g6 2.d4 Bg7 3.Nc3 d6 4.Be2 c6 5.a4 Nf6 6.h4 h5 7.Nf3 Bg4 8.Ng5 Bxe2
9.Qxe2 e5 10.dxe5 dxe5 11.Qc4 O-O 12.Be3 Na6 13.f3 Qe7 14.O-O-O Bh6 15.Kb1 Kg7
16.g3 Nh7 17.f4 Nf6 18.Rhf1 Ng4 19.Bc1 Qc5 20.Qb3 Qb4 21.Qxb4 Nxb4 22.Rd7 Bxg5
23.fxg5 Rab8 24.b3 a5 25.Nd1 Kg8 26.Ne3 f5 27.Nxg4 fxg4 28.Rf6 Rxf6 29.gxf6 b5  1-0

[Event "GM Valoz Cup"]
[Site "Olomouc CZE"]
[Date "2008.08.02"]
[Round "4"]
[White "Kanovsky,D"]
[Black "Danielsen,Hen"]
[Result "1/2-1/2"]
[WhiteElo "2409"]
[BlackElo "2526"]

1.e4 g6 2.d4 Bg7 3.Nc3 d6 4.f4 Nf6 5.Nf3 O-O 6.Bd3 Na6 7.Be3 c5 8.dxc5 Ng4
9.Bg1 Nxc5 10.h3 Bxc3+ 11.bxc3 Nf6 12.e5 Nfe4 13.Bxc5 Nxc5 14.O-O dxe5 15.fxe5 Bf5
16.Qc1 Bxd3 17.cxd3 Nxd3 18.Qh6 f6 19.exf6 exf6 20.Rad1 Qb6+ 21.Kh1 Rad8
22.Nd4 Nc5 23.Rde1 Rde8 24.Rb1 Qc7 25.Nb5 Qg3 26.Qd2 Rd8 27.Qe2 Qd3 28.Qxd3 Rxd3
29.Nxa7 Rxc3 30.Nb5 Rc2 31.Nd6 Rxa2 32.Rfc1 Ra6 33.Rxc5 Rxd6 34.Rxb7 Rf7
35.Rc8+ Kg7 36.Rxf7+ Kxf7 37.Rc7+ Kg8 38.Kh2 Rd8 39.Kg3 Rf8 40.Kf3 Rf7 41.Rc6 Kg7
42.Ra6 Rb7 43.Kf2 h5 44.h4 Kf7 45.g3 Ke7 46.Kf3 Rb3+ 47.Kf2 Rd3 48.Rb6 Rd6
49.Rb3 Ke6 50.Kf3 Kd5 51.Ra3 Kc4 52.Ra4+ Kb5 53.Ra7 Rd3+ 54.Kf4 Rd4+ 55.Kf3 Kc5
56.Rg7 Rg4 57.Rf7 f5 58.Rf6 Kd5 59.Ra6 Ke5 60.Ra5+ Kf6 61.Ra6+ Kg7 62.Ra7+ Kh6
63.Ra6 Rb4 64.Rc6 Rb7 65.Ra6 Kg7 66.Rc6 Kf7 67.Ra6 Re7 68.Rb6 Re6 69.Rb5 Kf6
70.Ra5 Rc6 71.Rb5 Rc3+ 72.Kf4 Kg7 73.Rb7+ Kh6 74.Rb6 Ra3 75.Rc6 Rb3 76.Ra6 Rb2
77.Kf3 Rb1 78.Rc6 Rb3+ 79.Kf4 Rb4+ 80.Kf3 Re4 81.Ra6 Kg7 82.Rb6 Kf7 83.Ra6 Re6
84.Ra5 Kf6 85.Rb5 Ra6 86.Rc5 Ra3+ 87.Kf4 Ra4+ 88.Kf3 Ra6 89.Rb5 g5 90.hxg5+ Kxg5
91.Rb8 Ra3+ 92.Kf2 Kg4 93.Rg8+ Kh3 94.Rh8  1/2-1/2

[Event "9th Epetium Open"]
[Site "Stobrec CRO"]
[Date "2008.08.02"]
[Round "7"]
[White "Paradjina,D"]
[Black "Saric,B"]
[Result "1-0"]
[WhiteElo "1972"]
[BlackElo "1902"]

1.e4 g6 2.d4 d6 3.Nc3 Bg7 4.Nf3 Nf6 5.h3 O-O 6.Be3 c5 7.dxc5 Qa5 8.Nd2 Ne8
9.Nd5 Nc6 10.c3 dxc5 11.Nb3 Qd8 12.Bxc5 b6 13.Nxe7+ Kh8 14.Nxc6 Qc7 15.Bxf8 Bxf8
16.Ncd4 Bb7 17.Bd3 Nd6 18.Qd2 Rc8 19.O-O Bg7 20.f4 a5 21.e5 Ne8 22.a4 h5
23.Be4 Bh6  1-0

[Event "8th United Insurance"]
[Site "Dhaka BAN"]
[Date "2008.08.03"]
[Round "7"]
[White "Badri,N"]
[Black "Mohammed Abdul,M"]
[Result "0-1"]
[WhiteElo "2172"]
[BlackElo "2289"]

1.e4 d6 2.d4 g6 3.Nc3 Bg7 4.f4 c6 5.Nf3 Nf6 6.Bd3 O-O 7.O-O Na6 8.a3 c5 9.Bxa6 cxd4
10.Bc4 dxc3 11.b4 Nxe4 12.Qe2 d5 13.Bb3 Qb6+ 14.Kh1 Rd8 15.Ne5 Be6 16.Nd3 Bd4
17.g4 f5 18.Kg2 Rf8 19.g5 Rad8 20.h4 Bf7 21.a4 Rd6 22.b5 Rfd8 23.h5 Re6 24.hxg6 Bxg6
25.Ne5 Nc5 26.Ba2 Nxa4 27.Qf3 Red6 28.Nxg6 hxg6 29.Re1 R8d7 30.Rh1 Qxb5 31.Be3 Bg7
32.Rae1 Qb4 33.Bxa7 b6 34.Bb8 e6 35.Bxd6 Rxd6 36.Rxe6 Rxe6 37.Qxd5 Nc5 38.Qd8+ Kf7
39.Re1 Qxf4 40.Bxe6+ Nxe6 41.Qd7+ Kf8 42.Qxe6 Qxg5+ 43.Kh2 Qf4+ 44.Kg2 Qg4+
45.Kh2 Bd4 46.Qe7+ Kg8 47.Ra1 Qf4+ 48.Kg2 Qg4+ 49.Kh2 Qf4+ 50.Kg2 Qd2+ 51.Kh1 Bg7
52.Ra8+ Kh7 53.Qh4+ Qh6 54.Qxh6+ Kxh6 55.Rb8 Bd4 56.Rd8 Bc5 57.Rd3 Bb4 58.Rd4 Bc5
59.Rc4 g5 60.Rxc3 g4 61.Kg2 Kg5 62.Rd3 Kf4 63.Rd8 Ke4 64.Kg3 Bd4 65.Rd7 Be5+
66.Kg2 f4 67.Re7 f3+ 68.Kf1 g3 69.Re8 Kf5 70.Rd8 Kg4 71.Rd5 g2+ 72.Kf2 Bg3+
73.Kg1 Kh3 74.Rh5+ Bh4  0-1

[Event "XVIII Open"]
[Site "La Pobla de Lillet ESP"]
[Date "2008.08.03"]
[Round "2"]
[White "Oms Fuentes,L"]
[Black "Delgado Pico,L"]
[Result "1-0"]
[WhiteElo "2338"]
[BlackElo "2066"]

1.e4 g6 2.d4 Bg7 3.Nc3 d6 4.h3 Nf6 5.Be3 c6 6.f4 Qa5 7.Bd3 e5 8.Qf3 O-O 9.Ne2 exd4
10.Nxd4 Nbd7 11.O-O Re8 12.Nb3 Qc7 13.a4 b6 14.a5 Rb8 15.axb6 axb6 16.Qg3 Nc5
17.Nxc5 bxc5 18.f5 c4 19.Bxc4 Nxe4 20.Nxe4 Rxe4 21.fxg6 Rxc4 22.gxf7+ Kh8
23.Qxg7+  1-0

[Event "Timisoara Cup GM"]
[Site "Timisoara ROM"]
[Date "2008.08.03"]
[Round "2"]
[White "Varga,Zo"]
[Black "Grunberg,M"]
[Result "1/2-1/2"]
[WhiteElo "2479"]
[BlackElo "2400"]

1.d4 g6 2.e4 Bg7 3.Nc3 d6 4.h3 Nf6 5.Nf3 O-O 6.Be2 c6 7.O-O Qc7 8.a4 Nbd7
9.Re1 e5 10.Bf1 b6 11.g3 a6 12.Bg2 Bb7 13.Bg5 Rfe8 14.Bxf6 Nxf6 15.dxe5  1/2-1/2

[Event "Najdorf Memorial Open"]
[Site "Warsaw POL"]
[Date "2008.08.03"]
[Round "2"]
[White "Wisniowska,K"]
[Black "Leszner,L"]
[Result "1-0"]
[WhiteElo "1905"]
[BlackElo "2140"]

1.e4 g6 2.d4 d6 3.Nc3 Bg7 4.Be3 c6 5.f4 Nd7 6.Nf3 Ngf6 7.h3 Qa5 8.Qd2 e5
9.O-O-O O-O 10.g4 exd4 11.Nxd4 Nc5 12.Nb3 Nxb3+ 13.cxb3 b5 14.Bg2 Ba6 15.g5 Ne8
16.f5 b4 17.Na4 gxf5 18.exf5 Qxf5 19.Qxb4 Qe5 20.Bf4 Qf5 21.h4 d5 22.Bh3 Qe4
23.Qxe4 dxe4 24.Nc5 Be2 25.Rd2 Bf3 26.Rg1 f5 27.gxf6 Rxf6 28.Bg5 Rg6 29.Bf5 e3
30.Rd7 Nf6 31.Rd3 Rxg5 32.hxg5 Nd5 33.Be6+ Kh8 34.Bxd5 Bxd5 35.Re1 Be5 36.Kc2 Bf4
37.Rexe3 Bxe3 38.Rxe3 Kg7 39.Re5 Kg6 40.Nd3 Rf8 41.Re7 Rf5 42.Rxa7 Be4 43.Re7 Bd5
44.a4 Rxg5 45.Nf4+ Kh6 46.Nxd5 cxd5 47.Rd7 Kg6 48.a5 d4 49.a6 h5 50.a7 Ra5
51.b4 Ra1 52.b5 h4 53.Rd6+ Kg5 54.Ra6 d3+ 55.Kxd3  1-0

[Event "17th Open"]
[Site "Kavala GRE"]
[Date "2008.08.04"]
[Round "6"]
[White "Boskovic,D"]
[Black "Chadaev,N"]
[Result "0-1"]
[WhiteElo "2455"]
[BlackElo "2535"]

1.d4 g6 2.e4 Bg7 3.Nc3 d6 4.f4 Nf6 5.Nf3 c5 6.d5 O-O 7.Be2 Na6 8.O-O Nc7
9.a4 Rb8 10.Re1 b6 11.Bc4 a6 12.e5 Ng4 13.Qe2 Qd7 14.Rd1 b5 15.axb5 axb5
16.e6 fxe6 17.dxe6 Qc6 18.Nd5 Nxd5 19.Bxd5 Qb6 20.h3 Nf6 21.c4 bxc4 22.Bxc4 Bb7
23.Bd2 Qxb2 24.Ng5 Nh5 25.Nf7 Ng3 26.Qd3 Qd4+ 27.Kh2 Qxd3 28.Bxd3 Bxa1 29.Rxa1 Ne4
30.Bc1 Bd5 31.Ra7 Rb7 32.Rxb7 Bxb7 33.Bb2 Ra8  0-1

[Event "XVII TCh-MKD"]
[Site "Struga MKD"]
[Date "2008.08.04"]
[Round "1"]
[White "Stanojoski,Z"]
[Black "Simov,S"]
[Result "1-0"]
[WhiteElo "2514"]
[BlackElo "2194"]

1.e4 d6 2.d4 g6 3.Nc3 Bg7 4.f4 Nf6 5.Nf3 O-O 6.Bd3 Na6 7.O-O c5 8.d5 Nc7
9.a4 Rb8 10.h3 a6 11.a5 b5 12.axb6 Rxb6 13.Na4 Rb8 14.c4 Nd7 15.Qe1 e6 16.e5 exd5
17.exd6 Ne6 18.cxd5 Nd4 19.Nc3 Qb6 20.Nxd4 Bxd4+ 21.Kh1 Qxd6 22.f5 Bb7 23.Bf4 Be5
24.Bxe5 Qxe5 25.Qd2 Nf6 26.fxg6 fxg6 27.Rae1 Qd4 28.Rf4  1-0